Psychology /

Αποθηκεύτηκε σε:
Λεπτομέρειες βιβλιογραφικής εγγραφής
Κύριος συγγραφέας: Bernstein, Douglas A.
Άλλοι συγγραφείς: Clarke-Stewart, Alison
Μορφή: Βιβλίο
Γλώσσα:Αγγλικά
Έκδοση: Geneva : Houghton Mifflin, c1991.
Έκδοση:2nd ed.
Θέματα:
Ετικέτες: Προσθήκη ετικέτας
Δεν υπάρχουν, Καταχωρήστε ετικέτα πρώτοι!

MARC

LEADER 00000cam a22000002 4500
001 0000039904
003 Daystar
005 20171002021255.0
008 070108s xx 000 0 eng d
020 |a 0395690455 
040 |a Daystar  |d COnyango 
050 0 0 |a BF121  |b .B47 
100 1 |a Bernstein, Douglas A. 
245 1 0 |a Psychology /  |c by Douglas A Bernstein. 
250 |a 2nd ed. 
260 |a Geneva :  |b Houghton Mifflin,  |c c1991. 
300 |a xxiv, 740 p. :  |b ill. 
500 |a Includes Index. 
650 0 |a New Bermen  |x History. 
700 1 |a Clarke-Stewart, Alison. 
908 |a 070108 
942 |c G 
952 |0 2  |1 0  |2 lcc  |4 0  |6 OS B F121 B47  |7 0  |9 39394  |a DUA  |b DUA  |c OS  |d 2017-09-28  |l 0  |o OS BF121.B47  |p BK040435  |r 2017-09-28 00:00:00  |w 2017-09-28  |x 37508  |y G 
999 |c 25992  |d 25992